Global service providers guide 2012 : a guide to chemicals management and control services.
| Format: | Book |
|---|---|
| Published: |
Shrewsbury, UK:
ChemicalWatch,
2012.
|
| Subjects: |
| LEADER | 00435cam a2200133 7i4500 | ||
|---|---|---|---|
| 001 | 0000029560 | ||
| 005 | 20130503090000.0 | ||
| 090 | 0 | 0 | |a I 540 |b GLO |
| 245 | 0 | 0 | |a Global service providers guide 2012 : |b a guide to chemicals management and control services. |
| 260 | 0 | 0 | |a Shrewsbury, UK: |b ChemicalWatch, |c 2012. |
| 300 | # | # | |a 167 p. |
| 650 | 0 | 0 | |a Chemicals |
| 650 | 0 | 0 | |a Chemical industry |
| 999 | |a 0000032396 |b Book |c International |e Business Information Centre | ||